The North-West Frontier drama, 1945-1947 : (Record no. 331651)

000 -LEADER
fixed length control field 01091cam a2200313 a 4500
001 - CONTROL NUMBER
control field 3573789
003 - CONTROL NUMBER IDENTIFIER
control field NUST
005 - DATE AND TIME OF LATEST TRANSACTION
control field 20171012110826.0
008 - FIXED-LENGTH DATA ELEMENTS--GENERAL INFORMATION
fixed length control field 990128s1998 ii ab b 001 0 eng
010 ## - LIBRARY OF CONGRESS CONTROL NUMBER
LC control number 98917046
020 ## - INTERNATIONAL STANDARD BOOK NUMBER
International Standard Book Number 8173040974
025 ## - OVERSEAS ACQUISITION NUMBER
Overseas acquisition number I-E-98-917046; 62-92
037 ## - SOURCE OF ACQUISITION
Source of stock number/acquisition Library of Congress -- New Delhi Field Office
Terms of availability Rs400.00
040 ## - CATALOGING SOURCE
Original cataloging agency DLC
Transcribing agency DLC
Modifying agency DLC
042 ## - AUTHENTICATION CODE
Authentication code lcode
043 ## - GEOGRAPHIC AREA CODE
Geographic area code a-pk---
-- a-ii---
050 00 - LIBRARY OF CONGRESS CALL NUMBER
Classification number DS392.N67
Item number M44 1998
082 ## - DEWEY DECIMAL CLASSIFICATION NUMBER
Classification number 954.912
Author Mark MEH
100 1# - MAIN ENTRY--PERSONAL NAME
Personal name Mehra, Parshotam.
9 (RLIN) 5389
245 14 - TITLE STATEMENT
Title The North-West Frontier drama, 1945-1947 :
Remainder of title a re-assessment /
Statement of responsibility, etc. Parshotam Mehra.
260 ## - PUBLICATION, DISTRIBUTION, ETC.
Place of publication, distribution, etc. New Delhi :
Name of publisher, distributor, etc. Manohar Publishers & Distributors,
Date of publication, distribution, etc. 1998.
300 ## - PHYSICAL DESCRIPTION
Extent 262 p. :
Other physical details ill., map ;
Dimensions 22 cm.
500 ## - GENERAL NOTE
General note Map on lining paper.
504 ## - BIBLIOGRAPHY, ETC. NOTE
Bibliography, etc. note Includes bibliographical references and index.
651 #0 - SUBJECT ADDED ENTRY--GEOGRAPHIC NAME
Geographic name Khyber Pakhtunkhwa (Pakistan)
General subdivision Politics and government
Chronological subdivision 20th century.
9 (RLIN) 5390
906 ## - LOCAL DATA ELEMENT F, LDF (RLIN)
a 7
b cbc
c origode
d 3
e ncip
f 19
g y-gencatlg
942 ## - ADDED ENTRY ELEMENTS (KOHA)
Source of classification or shelving scheme
Koha item type Book
Holdings
Withdrawn status Lost status Source of classification or shelving scheme Damaged status Not for loan Collection code Permanent Location Current Location Shelving location Date acquired Total Checkouts Full call number Barcode Date last seen Copy number Price effective from Koha item type
            Central Library (CL) Central Library (CL) Book Cart 10/12/2017   954.912 MEH CL2854 10/12/2017 1 10/12/2017 Book
© 2023 Central Library, National University of Sciences and Technology. All Rights Reserved.